000 00480nam a2200169Ia 4500
003 OSt
005 20230609114308.0
008 210423s1999 xx 000 0 und d
040 _cAL
082 _a616.89 DAVM
_223
100 _aDAVAR (Bhargavi V).
_9123259
245 _aMental health of indian women a feminist agenda.
260 _aNew Delhi
_bSage Publications
_c1999
365 _cINR
906 _aagenda. ; feminist ; health ; indian ; Mental ; women
942 _2ddc
_cBK
999 _c174238
_d174238